| 000 | 00705nam a2200301Ia 4500 | ||
|---|---|---|---|
| 005 | 20260127113255.0 | ||
| 008 | 008 260114s9999 xx 000 0 eng d | ||
| 020 | _a9783031308826 | ||
| 037 | _aTextbook | ||
| 040 | _aPSDL | ||
| 040 | _beng | ||
| 040 | _cPSDL | ||
| 041 | _2eng | ||
| 041 | _aeng | ||
| 084 | _aV1:19 R3 | ||
| 084 | _qPSDL | ||
| 100 |
_aEun, Yong-Soo _91111620 |
||
| 245 | 3 | _aAn Ontological Rethinking of Identity in International Studies | |
| 245 | 0 | _cEun, Yong-Soo | |
| 260 | _aSeoul, Korea | ||
| 260 | _bPalgrave Macmillan | ||
| 260 | _c2023 | ||
| 300 | _a87 | ||
| 942 | _cTB | ||
| 942 | _hV1:19 R3 | ||
| 999 |
_c1677797 _d1677797 |
||